00233nam a22000857a 4500040000700000082000800007100002700015245004000042260006500082 cHS a615 aហង់ ស៊ីម aexercises and solutions mechanics-1 aroyal university of phnom penhbហង់ ស៊ីមc2001